000 00347cam a22001217a 4500
008 180718b1917 xxu||||| |||| 00| 0 eng d
082 _aCox54 Si64r
100 _aSinha, Kumar Manindra Chandra
245 _aRepresentation made to government
_cby Kumar Manindra Chandra Sinha
260 _aCalcutta
_b
_c1917
300 _a68p.
650 _aGovernment
999 _c438334
_d438334